Bhaashechaa Navaa Abhyaas (Record no. 348483)

MARC details
000 -LEADER
fixed length control field 003390000a22001450004500
005 - DATE AND TIME OF LATEST TRANSACTION
control field 20120302055451.0
040 ## - CATALOGING SOURCE
Original cataloging agency MAR
245 ## - TITLE STATEMENT
Title Bhaashechaa Navaa Abhyaas
260 ## - PUBLICATION, DISTRIBUTION, ETC. (IMPRINT)
Place of publication, distribution, etc Pune:Jagatap-Kaarale Prakaashan,1960.
300 ## - PHYSICAL DESCRIPTION
Extent 210p.
365 ## - TRADE PRICE
Price amount 2/-
650 ## - SUBJECT ADDED ENTRY--TOPICAL TERM
Topical term or geographic name as entry element Bhaashaashastra
650 ## - SUBJECT ADDED ENTRY--TOPICAL TERM
Topical term or geographic name as entry element Maraathi-Bhaashaashastra
942 ## - ADDED ENTRY ELEMENTS (KOHA)
Koha item type Book
Holdings
Withdrawn status Lost status Damaged status Not for loan Home library Current library Date acquired Total Checkouts Barcode Date last seen Price effective from
        Institute For Oriental Study, Thane Institute For Oriental Study, Thane 12/02/2009   IOS-11110 12/02/2009 12/02/2009